Muntakhib al-lubab: Mughlia daur-e-hukumat (Record no. 1227116)

MARC details
000 -LEADER
fixed length control field 00625nam a2200205Ia 4500
005 - DATE AND TIME OF LATEST TRANSACTION
control field 20241129110037.0
008 - FIXED-LENGTH DATA ELEMENTS--GENERAL INFORMATION
fixed length control field 241129s9999||||xx |||||||||||||| ||und||
037 ## - SOURCE OF ACQUISITION
Stock number TB
040 ## - CATALOGING SOURCE
Original cataloging agency ARTS
Language of cataloging eng
Transcribing agency ARTS
041 ## - LANGUAGE CODE
Language code of text/sound track or separate title eng
Source of code urd
084 ## - COLON CLASSIFICATION NUMBER
Classification number V2,1.K18 168P7.1-.4 (RR)
Assigning agency ARTS
100 ## - MAIN ENTRY--PERSONAL NAME
Personal name Khan Hashim Ali Au.
9 (RLIN) 727025
245 #0 - TITLE STATEMENT
Title Muntakhib al-lubab: Mughlia daur-e-hukumat
Statement of responsibility, etc. Khan Hashim Ali Au.
260 ## - PUBLICATION, DISTRIBUTION, ETC.
Place of publication, distribution, etc. New Delhi, India
Name of publisher, distributor, etc. New Farid Book depot
Date of publication, distribution, etc. 2005
365 ## - TRADE PRICE
Price type code INR
Price amount 1500
490 ## - SERIES STATEMENT
Volume/sequential designation V3- V.3-4
650 ## - SUBJECT ADDED ENTRY--TOPICAL TERM
Topical term or geographic name entry element History-India
942 ## - ADDED ENTRY ELEMENTS (KOHA)
Koha item type Textbook
Classification part V2,1.K18 168P7.1-.4 (RR)
Holdings
Withdrawn status Lost status Damaged status Not for loan Home library Current library Date acquired Source of acquisition Cost, normal purchase price Inventory number Total Checkouts Full call number Barcode Date last seen Price effective from Koha item type
        Arts Library Arts Library 2024-11-29 Nadwi Publications 1500.00 1713 & 20/12/2023   V2,1.K18 168P7.1-.4 (RR) AL1803149 2024-11-29 2024-11-29 Textbook
Copyright @ Delhi University Library System